Ville des Îles Britanniques (R-U + Irlande) - Top 200 Ville Europe - Statistiques

Statistiques générales
  • Ce quiz a été pris 167 fois
  • Le résultat moyen est 15 sur 22
Statistiques - réponses
Population Ville % Correct
14,6M Londres
100%
3,03M Manchester
98%
1,37M Dublin
97%
1,66M Glasgow
96%
1,86M Liverpool
96%
848k Belfast
94%
687k Cardiff
94%
3,10M Birmingham
91%
853k Édimbourg
91%
2,15M Leeds
81%
1,47M Newcastle
76%
1,16M Southampton
69%
617k Bristol
67%
1,55M Sheffield
63%
765k Leicester
60%
462k Swansea
60%
1,37M Nottingham
55%
446k Brighton
47%
595k Kingston-upon-Hull
27%
465k Bournemouth
22%
469k Middlesbrough
14%
475k Stoke-on-Trent
13%
Aucun quiz correspondant
Distribution des résultats
% des personnes avec chaque résultat
Percentile par nombre de réponses
Votre historique - résultats
Vous n’avez pas pris ce quiz